| 000 | 00000nam 2200000zi 4500 |
| 001 | 9.957902 |
| 003 | CaOODSP |
| 005 | 20251202153142 |
| 006 | m o d f |
| 007 | cr |n||||||||| |
| 008 | 251202t20042004onca ob f|0| 0 fre d |
| 020 | |z0662759346 |
| 040 | |aCaOODSP|bfre|erda|cCaOODSP |
| 043 | |an-cn--- |
| 086 | 1 |aNM95-59/10-2004F-PDF|zNM95-59/10-2004F |
| 100 | 1 |aBarclay, R. L. |q(Robert L.)|eauteur. |
| 245 | 12|aL'art d'appliquer de la pression : |benjeux, outils et techniques / |cpar Robert Barclay, Carole Dignard et Cari Schlichting. |
| 264 | 1|aOttawa : |bCanadian Conservation Institute = Institut canadien de conservation, |c2004. |
| 264 | 4|c©2004 |
| 300 | |a1 ressource en ligne (iii, 44 pages) : |billustrations |
| 336 | |atexte|btxt|2rdacontent/fre |
| 337 | |ainformatique|bc|2rdamedia/fre |
| 338 | |aressource en ligne|bcr|2rdacarrier/fre |
| 500 | |aPublié aussi en anglais sous le titre : The gentle art of applied pressure. |
| 504 | |aComprend des références bibliographiques (page 44). |
| 650 | 0|aPression|xAppareils et matériel. |
| 650 | 6|aMusées|xMéthodes de conservation|zCanada. |
| 650 | 6|aAntiquités|xCollections et conservation|zCanada. |
| 710 | 2 |aInstitut canadien de conservation, |eorganisme de publication. |
| 775 | 08|tThe gentle art of applied pressure / |w(CaOODSP)9.957901 |
| 856 | 40|qPDF|s27.10 Mo|uhttps://publications.gc.ca/collections/collection_2025/pch/NM95-59-10-2004-fra.pdf |